000 00316nam a2200133Ia 4500
005 20251222155114.0
008 251222s9999||||xx |||||||||||||| ||spa||
082 _aPED. 07
100 _aBAICOHI Carav.
245 0 _aEvaluación de la Lactancia Materna
250 _a1ra. ed.
264 _bWellstart
942 _cLIB
999 _c38183
_d38183